| 000 | 00475nam a2200181Ia 4500 | ||
|---|---|---|---|
| 005 | 20250326141409.0 | ||
| 008 | 250326s9999 xx 000 0 und d | ||
| 037 | _aTextbook | ||
| 040 |
_aFMSL _beng _cFMSL |
||
| 041 |
_aeng _2eng |
||
| 084 | _qFMSL | ||
| 100 |
_aGupta SP _9744351 |
||
| 245 | 0 |
_aBusiness Statistics _cGupta Sp; Gupta Mp |
|
| 260 |
_aNew Delhi _bNew Delhi, Sultan Chand & Sons _c1977 |
||
| 300 | _a798p | ||
| 942 | _cTB | ||
| 999 |
_c1290118 _d1290118 |
||